000
00335nam a22001457a 4500
008
221116b ||||| |||| 00| 0 eng d
020
_a
9780323396639
041
_a
eng
080
_2
NINTH EDITION
_a
610.73
082
_a
610.73VER
100
_a
7
101
_a
INF
245
_a
FUNDAMENTALS OF NURSING
_c
VERONICA
942
_2
udc
_c
BK
999
_c
58912
_d
58912